| 000 | 00535nam a22001937a 4500 | ||
|---|---|---|---|
| 003 | OSt | ||
| 005 | 20140310182202.0 | ||
| 008 | 130903t xxu||||| |||| 00| 0 eng d | ||
| 050 |
_aGV 1507 _b.R961 19-- |
||
| 082 |
_aHS 793.73 _bRUS 1993 |
||
| 100 |
_aRussell, Ken _914959 |
||
| 245 |
_aPicture Puzzles / _cKen Russsel and Philip Carter. |
||
| 260 |
_aLondon : _bFoulsham, _c1994. |
||
| 300 |
_a220 p. ; _bill. ; _c18 cm. |
||
| 650 |
_aPicture Puzzles _913494 |
||
| 700 |
_aCarter, Philip _916309 |
||
| 942 | _2lcc | ||
| 999 |
_c10252 _d10252 |
||